Statistiques concernant Focus sur: Felaróf - Tolkien

Cliquez ici pour prendre le quiz!

Statistiques générales

  • Ce quiz a été pris 4 fois
  • Le résultat moyen est 6 sur 10

Statistiques - réponses

Informations recherchéesRéponses% Correct
Couleur de la robeBlanc
100%
EspèceCheval
100%
Première mentionLe Seigneur des Anneaux: La Communauté de l'Anneau
100%
Age durant lequel elle vécutTroisième
100%
Groupe de l'espèceMearas
75%
ContréesRohan
50%
CavaliersEorl
25%
SurnomFléau d'Homme
0%
Léod
0%
Rhovanion
0%

Distribution des résultats

Percentile par nombre de réponses

% des personnes avec chaque résultat

Votre développement - résultats

Vous n’avez pas pris ce quiz